| 000 | 00721nam a2200241 i 4500 | ||
|---|---|---|---|
| 001 | 9473 | ||
| 003 | ES-MaACL | ||
| 005 | 20250822035937.0 | ||
| 007 | t| | ||
| 008 | 920427s1993 sp ||||1| spa d | ||
| 020 | _a84-7658-377-X | ||
| 080 | _a159.922.1 | ||
| 100 | 1 |
_aCencillo, Luis. _937397 |
|
| 245 | 1 | 0 |
_aSexo, Comunicación y símbolo / _cLuis Cencillo. |
| 250 | _a[1ª ed.]. | ||
| 260 |
_aBarcelona : _bAnthropos, _c1993. |
||
| 300 |
_a319 p. ; _c20 cm. |
||
| 490 | 1 |
_aAutores, textos y temas. Psicología ; _v18 |
|
| 650 | 7 |
_aPsicología sexual _2embne _916572 |
|
| 830 | 0 | 0 |
_aAutores, textos y temas. _pPsicología _v18 _9177279 |
| 852 |
_aES-MaACL _jL-16910 _bR.121209 |
||
| 999 |
_c9473 _d9473 |
||